Statistics for US States with Population Over Five Million

Click here to take the quiz!

General Stats

  • This quiz has been taken 44 times
  • The average score is 21 of 23

Answer Stats

Population State % Correct
7,405,743Washington
100%
19,849,399New York
100%
20,984,400Florida
100%
28,304,596Texas
100%
6,859,819Massachusetts
97%
39,536,653California
97%
10,273,419North Carolina
97%
12,802,023Illinois
97%
6,715,984Tennessee
94%
6,666,818Indiana
94%
11,658,609Ohio
94%
5,024,369South Carolina
94%
12,805,537Pennsylvania
92%
7,016,270Arizona
92%
10,429,379Georgia
92%
9,962,311Michigan
89%
5,607,154Colorado
86%
8,470,020Virginia
86%
9,005,644New Jersey
83%
5,576,606Minnesota
78%
6,113,532Missouri
75%
5,795,483Wisconsin
75%
6,052,177Maryland
72%

Score Distribution

Percentile by Number Answered

Percent of People with Each Score

Your Score History

You have not taken this quiz